000 02388cam a22004934i 4500
003 PE-LiUPU
005 20250731183352.0
008 140811s2014 pe r 000 0 spa d
020 _a6124206447
020 _a9786124206443
035 _a(Sirsi) i9786124206443
040 _aPUCPR
_bspa
_cPUCPR
_dH7K
_dOCLCO
_dPE-LiUPU
_erda
050 4 _aLE 67.1
_b4.39.1
082 _a720
_bP7
_220
110 2 _aPontificia Universidad Católica del Peru.
_bFacultad de Arquitectura y Urbanismo.
_9534
245 1 0 _aBases :
_bde la materia a la metrópolis /
_c[Facultad de Arquitectura y Urbanismo ; edición, José Luis Villanueva ; fotografía, Luisa Yupa].
264 _aLima :
_bPontificia Universidad Católica del Perú, Oficina de Publicaciones de la Facultad de Arquitectura y Urbanismo,
_c2014.
300 _a303 páginas :
_bilustraciones ;
_c22 centímetros.
336 _atext
_2rdacontent
337 _aunmediated
_2rdamedia
338 _avolume
_2rdacarrier
500 _aEn cubierta: FAU PUCP.
500 _aEn solapa: 2013
505 8 _aTema 1. Paisaje y materialidad -- Tema 2. Vivienda colectica -- Tema 3. Barrios y ciudades -- Tema 4. Lima metrópolis -- 10 años PUCP: la consolidación pedagógica de una escuela / Freddy Cooper.
526 _aP158
526 _aP146
526 _aP17
526 _aP12
526 _aP06
610 2 8 _aPontificia Universidad Católica del Perú.
_bFacultad de Arquitectura y Urbanismo
_vCurrículo.
610 2 8 _aPontificia Universidad Católica del Perú.
_bFacultad de Arquitectura y Urbanismo
_xPlanes y programas.
650 1 8 _aArquitectura
_xEstudio y enseñanza
_zPerú.
650 2 8 _aUrbanismo$x-Estudio y enseñanza
_zPerú.
650 2 8 _aProyectos de arquitectura
_zPerú.
650 2 8 _aEducación superior
_xEstudio y enseñanza
_zPerú.
650 2 8 _aFormación profesional
_zPerú.
910 _ajck
_bebj
_cebj
_d20160804
942 _2ddc
_cBOOK
949 _a720 P7
_wDEWEY
_c1
_i74240
_lCCODEBUL1
_mBUL
_p30.00
_r0
_sY
_tBOOK
_u2016-8-4
_xINGENIERIA
_PP06
_0COMPRA
_o.STAFF. Colección General
994 _aC0
_bPEPRU
596 _a1
999 _a720 P7
_wDEWEY
_c11747
_i74240
_d11747
_e2019-8-18
_f2021-11-9
_g7
_lCCODEBUL1
_mBUL
_n5
_p30.00
_q1
_r0
_sY
_tBOOK
_u2016-8-4
_xINGENIERIA
_PP06
_0COMPRA
_o.STAFF. Colección General
980 _81
_gALBERTO SANCHEZ Responsable de Automatización